Toulouse en images - Statistiques

Statistiques générales
  • Ce quiz a été pris 7 109 fois
    7 090 depuis la dernière actualisation
  • Le résultat moyen est 12 sur 18
Statistiques - réponses
Par images Hint Réponse % Correct
Rappeurs Bigflo et Oli
97%
Surnom de la ville Ville rose
97%
Cours d'eau Garonne
94%
Constructeur Airbus
91%
Club Stade toulousain
91%
Place Place du Capitole
85%
Animal Oie de Toulouse
84%
Attraction La Cité de l'Espace
68%
Voie navigable Canal du Midi
65%
Chanteur Claude Nougaro
62%
Spécialité culinaire Violettes
56%
Monument Basilique {Saint}-{Sernin}
55%
Catastrophe industrielle de 2001 Explosion de l'usine AZF
52%
Pont Pont Saint-Pierre
51%
Service officiel Météo France
40%
Quartier Saint-Cyprien
33%
Vent Vent d'autan
30%
Musée Musée {des} {Augustins}
27%
Aucun quiz correspondant
Distribution des résultats
% des personnes avec chaque résultat
Percentile par nombre de réponses
Votre historique - résultats
Vous n’avez pas pris ce quiz depuis la dernière actualisation